000 01065 a2200349 4500
003 Nust
005 20170207154058.0
010 _a 00055450
020 _a0393975428 (pbk.)
040 _cNust
082 0 0 _a823.8
100 1 _aBronte, Charlotte
245 1 0 _aJane Eyre :
_ban authoritative text /
_cCharlotte Bronte ; edited by Richard J. Dunn ; with a foreword by Carol T. Christ.
260 _aNew York :
_bNorton,
_cc2000.
300 _axiv, 321 p. ;
_c24 cm.
440 2 _aA Norton anthology edition
505 _aThe Text of Jane Eyre (Page-1), Contexts (Page-389), Criticism (Page-469),
538 _a Almirah No.53 Shelf No.1
600 1 0 _aBront襬 Charlotte,
_d1816-1855.
_tJane Eyre.
650 0 _aCharity-schools
650 0 _aCountry homes
650 0 _aFathers and daughters
650 0 _aGovernesses
650 0 _aMarried people
650 0 _aMentally ill women
650 0 _aOrphans
650 0 _aYoung women
651 0 _aEngland
655 7 _aBildungsromans.
655 7 _aLove stories.
700 1 _aDunn, Richard J.,
_d1938-
942 _2ddc
_cBK
999 _c193453
_d193453